Nápady pro život a byznys Paretovo pravidlo 80/20 v praxi
Na minha lista:
| Autor principal: | |
|---|---|
| Formato: | Livro |
| Idioma: | tcheco |
| Publicado em: |
Praha
Grada Publishing
2022
|
| Edição: | 1. vydání |
| Assuntos: | |
| Tags: |
Sem tags, seja o primeiro a adicionar uma tag!
|
MARC
| LEADER | 00000nam a2200000 4500 | ||
|---|---|---|---|
| 001 | 0300039 | ||
| 005 | 20240425151709.5 | ||
| 020 | |a 978-80-271-3697-1 | ||
| 041 | 0 | |a cze | |
| 044 | |a CZ | ||
| 245 | 1 | 0 | |a Nápady pro život a byznys |b Paretovo pravidlo 80/20 v praxi |c Karel Červený |
| 250 | |a 1. vydání | ||
| 264 | 1 | |a Praha |b Grada Publishing |c 2022 | |
| 300 | |a 320 s. | ||
| 610 | 2 | 0 | |a politika podnikania |
| 610 | 2 | 0 | |a stratégia podnikateľská |
| 610 | 2 | 0 | |a manažéri |
| 610 | 2 | 0 | |a myslenie kritické |
| 610 | 2 | 0 | |a problémy spoločenské |
| 610 | 2 | 0 | |a analýzy |
| 100 | 1 | |a Červený, Karel | |